U.S. State Capitals and Nicknames - Statistics

General Stats
  • This quiz has been taken 224 times
    217 since last reset
  • The average score is 72 of 100
Answer Stats
State Capital % Correct
Alaska Juneau
89%
Florida Sunshine State
89%
California Sacramento
88%
Colorado Denver
86%
Alabama Montgomery
86%
Georgia Atlanta
85%
Arkansas Little Rock
85%
Arizona Phoenix
85%
Louisiana Baton Rouge
84%
Delaware Dover
84%
Connecticut Hartford
84%
Alaska Last Frontier
84%
Delaware First State
82%
California Golden State
82%
Hawaii Aloha State
81%
Idaho Boise
81%
Hawaii Honolulu
81%
Indiana Indianapolis
81%
Georgia Peach State
81%
Florida Tallahassee
81%
Texas Austin
79%
Iowa Des Moines
79%
Kentucky Frankfort
79%
Oklahoma Oklahoma City
79%
Illinois Springfield
79%
New York Albany
78%
Maine Augusta
78%
South Carolina Columbia
78%
North Carolina Raleigh
78%
Kansas Topeka
78%
Maryland Annapolis
77%
Massachusetts Boston
77%
Colorado Centennial State
77%
New Jersey Garden State
77%
Arizona Grand Canyon State
77%
Mississippi Jackson
77%
Michigan Lansing
77%
North Dakota Bismarck
75%
Ohio Columbus
75%
Montana Helena
75%
Texas Lone Star State
75%
Tennessee Nashville
75%
Arkansas Natural State
75%
Louisiana Pelican State
75%
Rhode Island Providence
75%
Minnesota Saint Paul
75%
Oregon Salem
75%
New Mexico Santa Fe
75%
Nevada Carson City
74%
Connecticut Constitution State
74%
New York Empire State
74%
Missouri Jefferson City
74%
Vermont Montpellier
74%
South Dakota Pierre
74%
Virginia Richmond
74%
Oklahoma Sooner State
74%
Kansas Sunflower State
74%
New Jersey Trenton
74%
Idaho Gem State
73%
Pennsylvania Harrisburg
73%
Nebraska Lincoln
73%
Maine Pine State or Vactionland
73%
Utah Salt Lake City
73%
Nevada Silver State
73%
Wisconisin Madison
71%
South Dakota Mount Rushmore State
71%
Rhode Island Ocean State
71%
Missouri Show-Me State
71%
Oregon Beaver State
70%
Kentucky Bluegrass State
70%
Indiana Hoosier State
70%
Minnesota North Star State
70%
Tennessee Volunteer State
70%
New Hampshire Concord
68%
New Mexico Land of Enchantment
68%
Wyoming Cheyenne
67%
Pennsylvania Keystone State
67%
Mississippi Magnolia State
67%
Washington Olympia
67%
West Virginia Charleston
66%
Washington Evergreen State
66%
Michigan Great Lakes State
66%
North Dakota Peace Garden State
66%
Illinois Prairie State
66%
North Carolina Tar Heel State
66%
Massachusetts Bay State
64%
Vermont Green Mountain State
64%
Montana Treasure State
64%
Ohio Buckeye State
63%
Nebraska Cornhusker State
63%
New Hampshire Granite State
63%
Utah Beehive State
62%
South Carolina Palmetto State
62%
Wyoming Equality State
60%
West Virginia Mountain State
60%
Maryland Old Line State
60%
Iowa Hawkeye State
58%
Virginia Old Dominion
56%
Alabama | Wisconsin None Official
4%
No matching quizzes found
Score Distribution
Percent of People with Each Score
Percentile by Number Answered
Your Score History
You have not taken this quiz since the last reset